000 00355 a2200157 4500
001 156879
020 _a9788532298324
040 _cEscola São Tomás de Aquino
100 _aRODRIGUES, Joelza Ester Domingues
240 1 0 _aProjeto Athos
_lpor
245 1 0 _aProjeto Athos
300 _a256 p.
362 0 _a2014
697 _aHistória
942 _cBK
999 _c156879
_d156879